Southville International School and Colleges
Your cart is empty.
  • Cart
  • Lists
    Public lists Eva Luna New books Lux_list list_1
    Your lists Log in to create your own lists
  • Log in to your account
  • Your cookies
  • Search history
Southville International School and Colleges
  • Advanced search
  • Recent comments
  • Most popular
  • Libraries

Log in to your account

Log in with GOOGLE


If you do not have an external account, but do have a local account, you can still log in:

  1. Home
  2. MARC view: Favourite things /
Normal view MARC view ISBD view

Favourite things / (Record no. 113400)

[ view plain ]
MARC details
000 -LEADER
fixed length control field 00517nam a2200181 a 4500
001 - CONTROL NUMBER
control field 3093
005 - DATE AND TIME OF LATEST TRANSACTION
control field 20140414132018.0
008 - FIXED-LENGTH DATA ELEMENTS--GENERAL INFORMATION
fixed length control field 060201s19uu xx 00 eng d
020 ## - INTERNATIONAL STANDARD BOOK NUMBER
International Standard Book Number 1740471172
050 ## - LIBRARY OF CONGRESS CALL NUMBER
Classification number TR
Item number F11 2001
100 ## - MAIN ENTRY--PERSONAL NAME
Personal name Whitting, Sue
245 ## - TITLE STATEMENT
Title Favourite things /
Statement of responsibility, etc by Sue Whitting ; illustrations by Leonie Worthington.
260 ## - PUBLICATION, DISTRIBUTION, ETC. (IMPRINT)
Place of publication, distribution, etc Ashford, U.K :
Name of publisher, distributor, etc The Book Company,
Date of publication, distribution, etc 2001.
300 ## - PHYSICAL DESCRIPTION
Extent p. : ill. ; cm.
440 ## - SERIES STATEMENT/ADDED ENTRY--TITLE
Title A Magical Ribbon Book
650 ## - SUBJECT ADDED ENTRY--TOPICAL TERM
Topical term or geographic name as entry element Fairies
General subdivision Fiction.
Holdings
Withdrawn status Lost status Damaged status Use restrictions Home library Current library Shelving location Date acquired Source of acquisition Cost, normal purchase price Total Checkouts Full call number Barcode Date last seen Price effective from Koha item type
        Munich Library Munich Library Teachers Reference Section 02/01/2006   175.00   TR F11 2001 M4966 04/14/2014 04/14/2014 Books

Favourite things /

APA

Whitting S., . (2001). Favourite things. Ashford, U.K: The Book Company.

Chicago

Whitting Sue, . 2001. Favourite things. Ashford, U.K: The Book Company.

Harvard

Whitting S., . (2001). Favourite things. Ashford, U.K: The Book Company.

MLA

Whitting Sue, . Favourite things. Ashford, U.K: The Book Company. 2001.

  • Place hold
  • Print
  • Cite
  • Add to your cart (remove)
  • Save record
    BIBTEX Dublin Core MARCXML MARC (non-Unicode/MARC-8) MARC (Unicode/UTF-8) MARC (Unicode/UTF-8, Standard) MODS (XML) RIS
  • More searches
    Search for this title in:
    Other Libraries (WorldCat) Other Databases (Google Scholar) Online Stores (Bookfinder.com) Open Library (openlibrary.org)

Exporting to Dublin Core...

SOUTHVILLE LIBRARY

Southville International School and Colleges Library

1281 Tropical Ave. Cor. Luxembourg St., BF Homes International, Las Pinas City

Tel. No. 8256374 / 252358 Loc. 117/146

Powered by Koha